Формирование модели реакционной ректификации в формате метода компонентных цепей; Химия и химическая технология в XXI веке; Т. 2

Manylion Llyfryddiaeth
Parent link:Химия и химическая технология в XXI веке: материалы XV Международной научно-практической конференции студентов и молодых ученых имени профессора Л.П. Кулёва, Томск, 26-29 мая 2014 г.— , 2014
Т. 2.— 2014.— [С. 71-73]
Prif Awdur: Митянина О. Е. Ольга Евгеньевна
Awdur Corfforaethol: Национальный исследовательский Томский политехнический университет (ТПУ) Институт природных ресурсов (ИПР) Кафедра химической технологии топлива и химической кибернетики (ХТТ)
Awduron Eraill: Ганджа Т. В.
Crynodeb:Заглавие с титульного экрана
Iaith:Rwseg
Cyhoeddwyd: 2014
Cyfres:Технология и моделирование процессов подготовки и переработки природных энергоносителей
Pynciau:
Mynediad Ar-lein:http://www.lib.tpu.ru/fulltext/c/2014/C27/V2/033.pdf
Fformat: Electronig Pennod Llyfr
KOHA link:https://koha.lib.tpu.ru/cgi-bin/koha/opac-detail.pl?biblionumber=607219

MARC

LEADER 00000naa2a2200000 4500
001 607219
005 20240303151745.0
035 |a (RuTPU)RU\TPU\conf\4600 
035 |a RU\TPU\conf\4596 
090 |a 607219 
100 |a 20140704d2014 k y0rusy50 ca 
101 0 |a rus 
102 |a RU 
105 |a y z 101zy 
135 |a drnn ---uucaa 
181 0 |a i  
182 0 |a b 
200 1 |a Формирование модели реакционной ректификации в формате метода компонентных цепей  |f О. Е. Митянина, Т. В. Ганджа 
203 |a Текст  |c электронный 
225 1 |a Технология и моделирование процессов подготовки и переработки природных энергоносителей 
300 |a Заглавие с титульного экрана 
320 |a [Библиогр.: с. 73 (3 назв.)] 
337 |a Adobe Reader 
461 1 |0 (RuTPU)RU\TPU\conf\4064  |t Химия и химическая технология в XXI веке  |o материалы XV Международной научно-практической конференции студентов и молодых ученых имени профессора Л.П. Кулёва, Томск, 26-29 мая 2014 г  |o в 2 т.  |d 2014 
463 1 |0 (RuTPU)RU\TPU\conf\4139  |t Т. 2  |v [С. 71-73]  |d 2014 
610 1 |a труды учёных ТПУ 
610 1 |a электронный ресурс 
610 1 |a формирование 
610 1 |a реакционная ректификация 
610 1 |a компонентные цепи 
700 1 |a Митянина  |b О. Е.  |c химик-технолог  |c доцент Томского политехнического университета, кандидат технических наук  |f 1986-  |g Ольга Евгеньевна  |y Томск  |3 (RuTPU)RU\TPU\pers\28709  |9 13506 
701 1 |a Ганджа  |b Т. В. 
712 0 2 |a Национальный исследовательский Томский политехнический университет (ТПУ)  |b Институт природных ресурсов (ИПР)  |b Кафедра химической технологии топлива и химической кибернетики (ХТТ)  |3 (RuTPU)RU\TPU\col\18665 
801 2 |a RU  |b 63413507  |c 20140704  |g RCR 
856 4 |u http://www.lib.tpu.ru/fulltext/c/2014/C27/V2/033.pdf 
942 |c BK